000 00427nam a2200181Ia 4500
008 220531s9999 xx 000 0 und d
041 _aeng
082 _bPAU
100 _aPaul R.
_966461
245 _aWilliam Shakespeare: Macbeth
250 _a5th
260 _aNew Delhi
_bRama brothers
_c1995
300 _a355
542 _d17-07-2014
650 _aEnglish
_966462
906 _d2014-2015
_f589
999 _c37556
_d37556